000 00597nam a2200217Ia 4500
008 160803s9999 xx 000 0 und d
020 _a0590275410 (paperback)
100 _aLoya, Olga
245 4 _aThe wax man :
245 _ba Latin American story /
245 _ca Latin American story retold by Olga Loya ; illustrated by Raymond Ortiz Godfrey.
260 _aNew York :
260 _bScholastic Inc.
260 _c1994
300 _a16 pages :
300 _bcolor illustrations ;
300 _c24 cm
650 _aFolklore -- .
650 _xLatin America
700 _a400
999 _c299886
_d299886